000 00194nam a2200109Ia 4500
100 _a#N/A
942 _cBK
654 _amultimedia
245 _aMultimedia
260 _b#N/A
546 _aENGLISH
999 _c32301
_d32301